[Event "GEO-ch 60th 1 Liga"]
[Site "?"]
[Date "2000.04.??"]
[Round "6"]
[White "Mgeladze Tamaz"]
[Black "Makharadze Jambul"]
[Result "1-0"]
[WhiteElo "2222"]
[BlackElo "2295"]
[PlyCount "160"]
[EventDate "2000.??.??"]
[Source "www.chesslib.no"]
[SourceDate "2004.05.04"]

1. c4 Nf6 2. Nc3 e6 3. e4 d6 4. d4 Nbd7 5. f4 e5 6. Nf3 c6 7. Be2 exd4 8. Nxd4 Nc5 9. Bf3 Ne6 10. Be3 Nxd4 11. Bxd4 Be7 12. e5 dxe5 13. fxe5 Nd7 14. e6 Nf6 15. exf7+ Kxf7 16. O-O Rf8 17. Ne4 Nxe4 18. Bxe4+ Kg8 19. Rxf8+ Bxf8 20. Qd3 Qh4 21. Bf2 Qg5 22. Bxh7+ Kh8 23. Re1 Bg4 24. Qg6 Qh5 25. h3 Be2 26. Qxh5 Bxh5 27. Bf5 Rd8 28. Bxa7 Rd2 29. Re4 Kg8 30. Be6+ Bf7 31. Bxf7+ Kxf7 32. Rf4+ Ke8 33. Rf2 Rd1+ 34. Kh2 Bd6+ 35. g3 c5 36. Bb6 Rd3 37. Rg2 Kf7 38. Ba5 Ke6 39. h4 Kf5 40. Kh3 g5 41. hxg5 Kxg5 42. Be1 Be5 43. Re2 Kf5 44. Bf2 b6 45. b3 Bf6 46. Re3 Rd6 47. g4+ Kg6 48. Bh4 Bd4 49. Re8 Bg7 50. Re3 Bd4 51. Re2 Bg7 52. Kg2 Bh6 53. Be7 Rc6 54. Kf3 Bg7 55. Kf4 Bd4 56. Bh4 Rd6 57. Be7 Rd7 58. Bh4 Rd6 59. Re8 Bg7 60. Rb8 Re6 61. Kf3 Bd4 62. Bd8 Re1 63. Rxb6+ Kf7 64. a4 Ke8 65. Bh4 Rh1 66. Bg3 Kd7 67. a5 Rf1+ 68. Ke4 Rg1 69. Kf3 Rf1+ 70. Kg2 Rg1+ 71. Kh2 Ra1 72. a6 Bc3 73. g5 Ba5 74. Rd6+ Ke7 75. Rc6 Bc3 76. g6 Kf8 77. Bd6+ Kg7 78. Bxc5 Be5+ 79. Kg2 Kh6 80. Kf3 Kg5 1-0

[Event "Bayern"]
[Site "?"]
[Date "1999.??.??"]
[Round "4"]
[White "Dittmar Peter"]
[Black "Ripperger Reinhold"]
[Result "1-0"]
[WhiteElo "2350"]
[BlackElo "2165"]
[PlyCount "89"]
[EventDate "1999.??.??"]
[Source "www.chesslib.no"]
[SourceDate "2004.05.04"]

1. c4 e6 2. Nc3 Nf6 3. e4 d6 4. g3 e5 5. Bg2 Be7 6. Nge2 Nc6 7. O-O O-O 8. d3 Be6 9. h3 h6 10. f4 exf4 11. gxf4 Ne8 12. f5 Bd7 13. Nd5 Bg5 14. Bxg5 Qxg5 15. Rf3 Ne5 16. Rg3 Qd8 17. Qd2 c6 18. Ndf4 Nf6 19. b3 c5 20. Kh2 Kh7 21. Rg1 Rg8 22. d4 cxd4 23. Qxd4 Qb6 24. Qxb6 axb6 25. a4 Bc6 26. Nc3 Ned7 27. Nd3 Rae8 28. Re1 Re7 29. b4 Ne5 30. b5 Bd7 31. Nxe5 Rxe5 32. Rd1 Rc8 33. Rd4 Kh8 34. Bf1 Rc7 35. Bd3 d5 36. Nxd5 Nxd5 37. Rxd5 Rxd5 38. exd5 Kg8 39. Re3 Kf8 40. d6 Rc8 41. Re7 Rd8 42. Be4 Bc8 43. Rc7 Ke8 44. Bd5 Bxf5 45. Re7+ 1-0

[Event "Oberliga Ost-B 9900"]
[Site "?"]
[Date "2000.03.12"]
[Round "9.4"]
[White "Brecht Anselm"]
[Black "Klings Peter"]
[Result "1-0"]
[WhiteElo "2280"]
[BlackElo "2223"]
[PlyCount "43"]
[EventDate "2000.??.??"]
[Source "www.chesslib.no"]
[SourceDate "2004.05.04"]

1. c4 Nf6 2. Nc3 e6 3. e4 e5 4. g3 Nc6 5. Bg2 Bc5 6. h3 a6 7. Nge2 d6 8. O-O Be6 9. d3 Qd7 10. Kh2 h5 11. Nd5 Ng8 12. Be3 Nh6 13. d4 Ba7 14. Qd2 O-O-O 15. Rad1 h4 16. g4 Bxg4 17. hxg4 Nxg4+ 18. Kh1 h3 19. Bf3 exd4 20. Nxd4 Nxe3 21. Nxc6 Nxf1 22. Nde7+ 1-0

[Event "Moscow RUS"]
[Site "?"]
[Date "1999.??.??"]
[Round "?"]
[White "Nadvikov Roman"]
[Black "Chernov Igor"]
[Result "1-0"]
[WhiteElo "2188"]
[BlackElo "2303"]
[PlyCount "97"]
[EventDate "1999.??.??"]
[Source "www.chesslib.no"]
[SourceDate "2004.05.04"]

1. c4 Nf6 2. Nc3 e6 3. e4 d5 4. cxd5 exd5 5. e5 Ne4 6. Nxe4 dxe4 7. Qa4+ Bd7 8. Qxe4 Bc6 9. Qe3 Bb4 10. a3 Ba5 11. e6 Qd5 12. exf7+ Kxf7 13. Qf4+ Ke7 14. Nf3 Rf8 15. Qe5+ Qxe5+ 16. Nxe5 Bd5 17. Nc4 Nc6 18. Nxa5 Nxa5 19. Bd3 Nb3 20. Rb1 Nc5 21. Bxh7 g6 22. Bxg6 Kf6 23. d4 Kxg6 24. dxc5 Rfe8+ 25. Be3 Kf5 26. O-O Re7 27. h4 Re4 28. Bg5 Rae8 29. f3 Re2 30. Rf2 Bc4 31. g4+ Kg6 32. Rbf1 a5 33. Rxe2 Rxe2 34. Rf2 Re1+ 35. Kg2 Bd5 36. Bd8 Rc1 37. Bxc7 Rxc5 38. Bb6 Rb5 39. Bd4 Bc6 40. Kg3 Rd5 41. Rd2 Rd7 42. h5+ Kh7 43. Bc3 Re7 44. Bxa5 Re3 45. Rf2 Rd3 46. Bc3 Kh6 47. Kh4 Bxf3 48. Rd2 Re3 49. Rd7 1-0

[Event "Buenos Aires tt"]
[Site "Buenos Aires"]
[Date "1996.??.??"]
[Round "3"]
[White "Roca, Alfredo"]
[Black "Guzzardo, Rogelio"]
[Result "0-1"]
[WhiteElo "2385"]
[BlackElo "2105"]
[PlyCount "77"]
[EventDate "1996.??.??"]
[Source "www.chesslib.no"]
[SourceDate "2004.05.04"]

1. c4 Nf6 2. Nc3 e6 3. e4 d6 4. d4 Be7 5. f4 O-O 6. Nf3 c6 7. Bd3 Nbd7 8. e5 Ne8 9. O-O d5 10. cxd5 cxd5 11. f5 Nb6 12. f6 Nxf6 13. exf6 Bxf6 14. Ne5 Nd7 15. Kh1 Nxe5 16. dxe5 Bxe5 17. Bxh7+ Kxh7 18. Qh5+ Kg8 19. Qxe5 f6 20. Qd4 Bd7 21. Re1 Re8 22. Re3 Bc6 23. Qg4 e5 24. Rg3 Re7 25. Qg6 Qd7 26. Rh3 Qe8 27. Qh7+ Kf7 28. Rg3 Qg8 29. Qg6+ Ke6 30. Qg4+ Kf7 31. Bh6 g6 32. Rf1 Re6 33. Qf3 Rd8 34. Rd1 Red6 35. Qd3 a6 36. a4 a5 37. Bd2 f5 38. Bg5 R8d7 39. Nb5 0-1

[Event "Bergen"]
[Site "?"]
[Date "2004.08.06"]
[Round "6"]
[White "Miezis Normunds"]
[Black "Hersvik Anita"]
[Result "1-0"]
[WhiteElo "2528"]
[BlackElo "1957"]
[PlyCount "81"]
[EventDate "2004.??.??"]
[Source "www.chesslib.no"]
[SourceDate "2004.05.04"]

1. c4 Nf6 2. Nc3 e6 3. e4 d6 4. g3 b6 5. Bg2 Bb7 6. Nge2 Nbd7 7. O-O Rb8 8. d4 Be7 9. f4 O-O 10. h3 a6 11. a4 e5 12. Be3 Re8 13. Qc2 Bf8 14. Rfe1 exd4 15. Nxd4 Nc5 16. Bf2 Ne6 17. Rad1 Nd7 18. Nd5 c6 19. Nc3 Qc7 20. Nf5 Bc8 21. Rd2 g6 22. Ne3 a5 23. Red1 Nec5 24. Ng4 h5 25. Nh2 Nf6 26. Bd4 Nfd7 27. Nf3 Na6 28. e5 Nb4 29. Qb1 dxe5 30. Nxe5 Nxe5 31. Bxe5 Rxe5 32. fxe5 Qxe5 33. Qe4 Qxg3 34. Rd8 Bxh3 35. Rxb8 Bxg2 36. Rxf8+ Kxf8 37. Qxg2 Qe3+ 38. Qf2 Qg5+ 39. Kh1 h4 40. Rd7 f5 41. Qd4 1-0